Shale oil and gas : the promise and the peril /

Bibliographic Details
Main Author: Rao, Vikram (Author)
Corporate Author: Research Triangle Institute
Format: Book
Language:English
Published: Research Triangle Park, NC, USA : RTI Press, [2015]
Edition:Second edition.
Subjects:

MARC

Tag First Indicator Second Indicator Subfields
LEADER 00000cam a2200000 i 4500
001 in00003841513
005 20170706140444.0
008 150716s2015 ncua b 000 0 eng
010 |a  2015946948 
035 |a (OCoLC)ocn921236768 
040 |a DLC  |b eng  |e rda  |c DLC  |d YDXCP  |d CUY  |d OCLCF  |d OCLCQ 
020 |a 9781934831076  |q (pbk.) 
020 |a 1934831077  |q (pbk.) 
042 |a pcc 
050 0 0 |a TP705  |b . R36 2015 
082 0 0 |a 665/.4  |2 23 
049 |a TXAM 
100 1 |a Rao, Vikram,  |e author. 
245 1 0 |a Shale oil and gas :  |b the promise and the peril /  |c Vikram Rao. 
250 |a Second edition. 
264 1 |a Research Triangle Park, NC, USA :  |b RTI Press,  |c [2015] 
300 |a xv, 234 pages :  |b illustrations ;  |c 23 cm 
336 |a text  |b txt  |2 rdacontent 
337 |a unmediated  |b n  |2 rdamedia 
338 |a volume  |b nc  |2 rdacarrier 
500 |a Revised and updated. 
504 |a Includes bibliographical references (pages 221-232). 
650 0 |a Shale oils. 
650 0 |a Gas. 
650 7 |a Gas.  |2 fast  |0 (OCoLC)fst00938107 
650 7 |a Shale oils.  |2 fast  |0 (OCoLC)fst01115138 
710 2 |a Research Triangle Institute. 
948 |a cataloged  |b h  |c 2017/7/6  |d c  |e ceaton  |f 2:04:14 pm 
994 |a C0  |b TXA 
999 f f |s 9f5f3227-8732-3631-80f9-1ae672499237  |i 0838193f-c56b-383f-bb95-d1503c944fc5  |t 0 
952 f f |p normal  |a Texas A&M University  |b College Station  |c Sterling C. Evans Library  |d Evans: Library Stacks  |t 0  |e TP705 .R36 2015  |h Library of Congress classification  |i unmediated -- volume  |m A14850198814 
998 f f |a TP705 .R36 2015  |t 0  |l Evans: Library Stacks